000 00486nam a2200181Ia 4500
005 20250508160435.0
008 008 250505s9999 xx 000 0 eng d
037 _aTextual
040 _aFEDL
_beng
_cFEDL
041 _aeng
_2eng
084 _a420, FOS
_qFEDL
100 _aFoster Brian
_9768505
245 0 _aChanging English language
260 _aLondon, UK
_bMacmillan and Co Ltd
_c1968
300 _a263p
942 _cTEXL
_h420, FOS
999 _c1364617
_d1364617